| 000 | 00420nam a2200121Ia 4500 | ||
|---|---|---|---|
| 008 | 200908s9999 xx 000 0 und d | ||
| 020 | _a978-971-98-1067-4 | ||
| 100 | _aCaoili-Tayuan, Ronina | ||
| 245 |
_cRonina R. Caoili-Tayunan, Mia V. Eleazar _aLiving in the information technology era/ |
||
| 260 |
_aQuezon City: _bC and E Publishing, Inc. _c2019 |
||
| 300 |
_axi, 231 pages _c22 cm. |
||
| 650 | _aInformation technology | ||
| 999 |
_c364132 _d364132 |
||